| 000 | 01006nam a2200205 i 4500 | ||
|---|---|---|---|
| 001 | 161007 | ||
| 003 | ES-MaACL | ||
| 005 | 20250811063157.0 | ||
| 008 | 990528s1894 sp a |||| | spa d | ||
| 040 |
_aCCPB | B _bspa _cCCPB | B |
||
| 100 | 1 |
_aOlóriz Aguilera, Federico, _d1855-1912 _987005 |
|
| 245 | 1 | 0 |
_aDistribución geográfica del índice cefálico en España _b: deducida del exámen de 8.368 varones adultos : memoria presentada al Congreso Geográfico Hispano-Portugués-Americano, en sesión de 19 de octubre de 1892, / _cpor el autor Don Federico Olóriz, ... |
| 260 |
_aMadrid : _b[s.n.], _c1894 ( _fImprenta del Memorial de Ingenieros) |
||
| 300 |
_a292 p., [2] h. pleg. de map. ; _c25 cm. |
||
| 599 | 1 | _a2 h. de map. litogr. col.: "J. Palacios" | |
| 650 | 4 |
_aCraneología. _9135829 |
|
| 711 | 0 | 4 |
_aCongreso Geográfico Hispano-Portugués-Americano ( _d1892. _cMadrid) _9376 |
| 852 |
_aES-MaACL _jB-10868 _z-- Enc. hol. _z.- Ded. manuscrita del autor |
||
| 999 |
_c161007 _d161007 |
||